000 01196nam a2200265 a 4500
003 OSt
005 20240129103155.0
007 cr ||||||a|c|a
008 240126s2023 mx a|||fom||| 001 0 spa d
040 _erda
100 1 _9188593
_aGuadarrama León, Ramón
245 1 0 _aEvaluación de la declinación forestal en la reserva de la Biosfera mariposa monarca mediante imágenes multiespectralares y térmicas capturadas con drones /
_cRamón Guadarrama León; director de tesis José Luis Gallardo Salazar
264 1 _aChapingo, México :
_bEl autor,
_c2023.
300 _a1 recurso en línea (57páginas):
_bfiguras y cuadros..
336 _2rdacontent
_atexto
_btxt
337 _2rdamedia
_acomputadora
_bc
338 _2rdacarrier
_arecurso en línea
_bcr
502 _bIF
_cDICIFO
_d2023.
_gLIC
504 _aIncluye referencias bibliográficas: páginas 50-56
650 4 _9188595
_aAbies religiosa
_xEfecto de la sequia
650 4 _9188596
_aDeforestación
_zMichoacán
700 1 _9127023
_aGallardo Salazar, José Luis
_eDirector
856 _uhttp://10.13.5.2/tesis/tl/1811009-6_GUADARRAMA_LEON_RAMON.pdf
_zDESCARGAR PDF
942 _2Clasificación Universidad Autónoma Chapingo
_cTD
999 _c219598
_d219598